| 000 | 00783nam a2200265Ia 4500 | ||
|---|---|---|---|
| 001 | Para_4945 | ||
| 003 | CHAP | ||
| 008 | 220125s1910 xx 000 0 und d | ||
| 010 | _a203404 | ||
| 040 | _cCHAP | ||
| 082 | _aPA-C 632.9 T4 | ||
| 100 |
_aSelby, A. D. _9103768 |
||
| 245 |
_aA brief handbook of the diseases of cultivated plants in Ohio / _c A. D. Selby |
||
| 260 |
_aWooster, Ohio : _b Agricultural Experiment Station |
||
| 300 | _a307-456 p. | ||
| 500 | _aEncuadernado con: The hessian fly in Ohio/C.E. Thorne | ||
| 650 |
_aControl de plagas Fitopatología _9169174 |
||
| 901 | _aPA-C 632.9 T4 | ||
| 902 | _aA | ||
| 905 | _a0000001910 WOO 0000000000 00 | ||
| 910 | _a1910 | ||
| 942 | _cPARA | ||
| 942 |
_cPARA _d1 |
||
| 999 |
_c203404 _d203404 |
||